The Ultimate Karate Kid Quiz - Statistics

General Stats
  • This quiz has been taken 121 times
  • The average score is 18 of 44
Answer Stats
Hint Answer % Correct
Quotes Sweep the {leg}.
87%
Characters Ralph Macchio Daniel
82%
Characters Pat Morita Mr. Miyagi
78%
Characters William Zabka Johnny
76%
Characters Elizabeth Shue Ali
71%
Quotes Man who catch {fly}, achieve anything.
71%
Trivia What did Daniel dress up as for Halloween? A shower
68%
Trivia 2 Netflix show created as a continuation 34 years after the original. Cobra Kai
68%
Quotes This school {sucks}, man! {Sucks}!
64%
Trivia What sport did Daniel try out for? Soccer
62%
Quotes Daniel LaRusso is gonna {fight}??
59%
Characters Martin Kove Kreese
59%
Trivia What did Johnny break that belonged to Ali? Radio
55%
Quotes Get him a {body} {bag}! Yeah!
54%
Quotes You're alright, {LaRusso}!
54%
Trivia Pain
53%
Trivia What three things don't exist in Cobra Kai? Fear
52%
Trivia 2 What's the unblockable move that Daniel defeats Johnny with? Crane Kick
48%
Trivia No Mercy
45%
Trivia What are the three parts of the Way of the Fist? Strike First
44%
Trivia Strike Hard
44%
Trivia What are the four chores--> moves that Daniel learns from Mr. Miyagi? Wax on, wax off
44%
Trivia Paint the fence
39%
Trivia Sand the floor
34%
Trivia What Los Angeles neighborhood did Daniel move to? Reseda
31%
Trivia Defeat
28%
Trivia 2 Where do Daniel and Ali go on a date? Golf N' Stuff
26%
Trivia 2 What's the most important lesson in karate, and is used for your whole life? Balance
25%
Trivia What Northeastern city is Daniel from? Newark
25%
Quotes You're a pushy little {bastard}, ain't ya?
24%
Trivia 2 Song that plays during the tournament montage You're The Best
24%
Trivia 2 Cobra Kai that tried to fight Daniel in the locker room Dutch
22%
Trivia 2 What does Mr. Miyagi yell when drinking? Banzai!
20%
Trivia Paint the house
20%
Trivia 2 What's the make of the car Daniel receives for his birthday? Ford
16%
Trivia What's the name of the boy Daniel first met at his new apartment? Freddie
16%
Trivia Where did Daniel first take karate lessons? The YMCA
15%
Trivia What was the date of the All Valley Tournament? December 19th
14%
Characters Randee Heller Lucille
14%
Trivia What's the name of Daniel's new school? West Valley High School
13%
Quotes Johnny, you're a {cream} {puff}!
11%
Trivia What's Mr. Miyagi's first name? Nariyoshi
11%
Trivia What nickname do Johnny's friends call him by? Ace Degenerate
9%
Trivia 2 Which internment camp was Mr. Miyagi's wife sent to? Manzanar
9%
No matching quizzes found
Score Distribution
Percent of People with Each Score
Percentile by Number Answered
Your Score History
You have not taken this quiz